00671 a2200205 4500001000700000020001500007040003200022100002000054245003700074250001400111260001300125300003100138362000900169490003400178520015100212650002200363650002600385650003200411650002200443124106 a0439160103 cEscola Canadense de Niteroi aBarbo, Maria S.10aScooby-Doo!: the catnapped caper a1st. ed.  aNew York a24 p.c5 x 0.25 x 9 inches0 a20000 aScooby-Doo! Picture Clue Book aIn the midst of searching for Mrs. Blake's missing cat, Thelma looses her glasses and now Scooby and the gang are in search of two missing items.  4aDetective Stories 4aChildren's Literature 4aMystery, Thriller or Terror 4aSolving Mysteries